Evaluation of cross garden screw fixation for management of fresh intracapsular fractures of femoral neck (Record no. 55032)

MARC details
000 -LEADER
fixed length control field 00380nam a2200133Ia 4500
008 - FIXED-LENGTH DATA ELEMENTS--GENERAL INFORMATION
fixed length control field 230917s9999||||xx |||||||||||||| ||und||
040 ## - CATALOGING SOURCE
-- 94711
Original cataloging agency VIVEKANANDA LIBRARY
041 ## - Language
-- English
082 ## - DDC NUMBER
Classification number 617 D289E
100 ## - MAIN ENTRY--PERSONAL NAME
Personal name Davinder Kumar
245 #0 - TITLE STATEMENT
Title Evaluation of cross garden screw fixation for management of fresh intracapsular fractures of femoral neck
300 ## - PHYSICAL DESCRIPTION
Pages 82 p.
942 ## - ADDED ENTRY ELEMENTS (KOHA)
Koha item type Thesis
Holdings
Withdrawn status Lost status Damaged status Not for loan Location (home branch) Sublocation or collection (holding branch) Date acquired Koha issues (times borrowed) Koha full call number Accession No. Koha date last seen Koha item type
        VIVEKANANDA LIBRARY VIVEKANANDA LIBRARY 07/07/2003   617 D289E 124881 17/09/2023 Thesis
        VIVEKANANDA LIBRARY VIVEKANANDA LIBRARY 07/07/2003   617 D289E 124912 17/09/2023 Thesis
© Designed and Maintained by Vivekananda Library, MDU Rohtak